000 00645nam a22002417a 4500
003 UA-OsUOA
001 87204
007 ta
008 20120915b un ||||| |||| 00| 0 ukr d
100 _aГершензон М.
700 _aКоган Л.
090 _a82.09
_bГ37
942 _cBK
040 _aUA-OsUOA
_brus
_cUA-OsUOA
_dUA-OsUOA
245 _aМ. Е. Салтыков-Щедрин
300 _a62 с.
955 _a4
041 _arus
080 _a82.09
260 _aМ.
_bИ-во детской литературы
_c1939
650 7 _a82 Література. Літературознавство
_2UDC
999 _c373495
_d373495